|
|
|
|
| LEADER |
00000nam a2200000 a 4500 |
| 001 |
vtls001423468 |
| 003 |
SK-MaSNL |
| 005 |
20260301202526.0 |
| 008 |
171201s1748 it a gr 00100 lat |
| 020 |
|
|
|q (viaz.)
|
| 035 |
|
|
|a SNK000378342
|
| 040 |
|
|
|a SNK
|b slo
|c SNK
|e AACR2
|
| 041 |
0 |
|
|a lat
|
| 044 |
|
|
|a it
|c IT
|
| 072 |
|
7 |
|a 2-23/-27
|x Biblia. Biblistika
|2 konspekt
|
| 080 |
|
|
|a 27-277.2
|2 2001
|
| 080 |
|
|
|a 27-236.5
|2 2001
|
| 080 |
|
|
|a (0:82-4)
|2 2001
|
| 245 |
0 |
0 |
|a Biblia Sacra
|b vulgata editionis, sixti V. pontificis max. Jussu Recognita, et clementis VIII.
|c auctoritate edita ; varsiculis distincta...
|
| 260 |
|
|
|a Venetiis
|b Apud Nicoalum Pezzana
|c 1748
|
| 300 |
|
|
|a 924 s.
|b ilustr.
|c 22 cm
|
| 500 |
|
|
|a Reg.
|
| 650 |
0 |
7 |
|a biblické citáty
|2 SNKPH
|9 1914
|
| 650 |
0 |
7 |
|a biblické príbehy
|2 SNKPH
|9 1916
|
| 655 |
|
7 |
|a úvahy
|2 SNKPH
|9 29403
|
| 999 |
|
|
|c 899166
|d 901096
|
| 952 |
|
|
|a SNK
|b SNK
|y PREZ
|7 0
|p 17A0888239
|o snkIC 129740
|i snkK 1390/2001
|8 3
|0 0
|1 0
|4 0
|d 2001-11-05
|l 0
|r 2005-01-02 00:00:00
|w 2026-02-24
|